Filozofia dejín

Salvato in:
Dettagli Bibliografici
Autore principale: Hegel, G.W.F
Natura: Libro
Lingua:slovacco
Pubblicazione: Bratislava SVPL 1957
Tags: Aggiungi Tag
Nessun Tag, puoi essere il primo ad aggiungerne!!

MARC

LEADER 00000nam a2200000 4500
001 c123434
005 20041019155228.3
041 0 |a slo 
044 |a SK 
245 1 0 |a Filozofia dejín  |c G.W.F. Hegel 
264 1 |a Bratislava  |b SVPL  |c 1957 
300 |a 478 s. 
100 1 |a Hegel, G.W.F.